Factores psicosociales asociados con la resiliencia en niños colombianos víctimas de violencia intrafamiliar

محفوظ في:
التفاصيل البيبلوغرافية
المؤلفون الرئيسيون: Amar Amar, José Juan (مؤلف), Kotliarenco A., María Angélica (مؤلف), Abello Llanos, Raimundo (مؤلف)
التنسيق: كتاب
اللغة:الإسبانية
منشور في: Santiago Ceanim 2004
الطبعة:1a. ed
الموضوعات:
الوسوم: إضافة وسم
لا توجد وسوم, كن أول من يضع وسما على هذه التسجيلة!

MARC

LEADER 00000nam a2200000 a 4500
001 UCJ1289
003 CL-VaPUC
008 061013e20040000CL |||||||||||||||||spa|d
082 0 4 |a 362.76  |b AMA  |2 21 
100 |a Amar Amar, José Juan  |e author  |9 308741 
700 |a Kotliarenco A., María Angélica  |e author  |9 466274 
700 0 |a Abello Llanos, Raimundo  |e author  |9 501825 
245 1 0 |a Factores psicosociales asociados con la resiliencia en niños colombianos víctimas de violencia intrafamiliar 
250 |a 1a. ed 
300 |a 30 p 
942 |c BK 
945 |d 20061013 00:00:00  |a cmena 
260 |a Santiago  |b Ceanim  |c 2004 
650 0 |a Violencia intrafamiliar  |9 312986 
650 0 |a Niños  |9 255605 
650 0 |a Maltrato infantil  |9 324690 
650 0 |a Problemas sociales  |9 258537 
650 0 |a Familias   |9 255641 
650 0 |a Psicología del niño  |9 307305 
583 |a last modification  |c 20061013 00:00:00  |k Rodrigo Vera 
999 |c 317911  |d 317909 
952 |0 0  |1 0  |4 0  |6 362_760000000000000_AMA_2004  |7 0  |8 P  |9 394995  |a BIBEDU  |b BIBEDU  |c BIBEDU_PB  |d 2019-11-22  |i 428447K  |o 362.76 AMA 2004  |p 428447K  |r 2024-01-25  |w 2019-11-22  |y BK  |k EBA